000 01129nam a2200325 a 4500
005 20240412123859.0
008 100309e1990||||sp f S SP SPASP spa d
020 _a8432123714
041 _aspa
092 _c170
_l33
_sGOM
100 1 _aGómez Pérez, Rafael
_93130
245 _aIntroducción a la ética social /
_cRafael Gómez Pérez
250 _a4a ed.
260 _aMadrid:
_bRialp;
_c1990.
300 _a228 p.
500 _aGómez Pérez, R. (1990). Introducción a la ética social. (4a ed.). Madrid : Rialp.
590 _aDonación Dora Vera, Febrero 2017
653 3 _aLa verdad es posible
653 3 _aLa verdad sobre el hombre
653 _aPersona, ley moral, derechos humanos
653 _aCuestiones éticas en torno a la vida
653 _aCuestiones éticas en torno a la economía
653 _aCuestiones éticas en torno a la sociedad civil y el Estado
653 _aCuestiones éticas en las relaciones internacionales
653 _aLiberalismo y capitalismo
653 _aComunismo
653 _aSocialismo
653 _aIdeologías y medio de comunicación
942 _2ddc
_cBK
999 _c2302
_d2302